000
00276nam a22001217a 4500
041
_a
ENG
100
_a
Savadi.A.B
245
_a
Maharashtracha Bhugole
260
_a
Pune
_b
Nirali Prakashan
_c
2000
300
_a
283
650
_a
Competitive Exam
856
_u
Competitive Exam ( 35 )
999
_c
963
_d
963